Fluency in English: an integrated course for advanced students

Saved in:
Bibliografiske detaljer
Hovedforfatter: Alexander, Louis George (Author)
Format: Bog
Sprog:engelsk
Udgivet: Londres Longman 1967
Udgivelse:1a. ed
Serier:New Concept English
Fag:
Tags: Tilføj Tag
Ingen Tags, Vær først til at tagge denne postø!

MARC

LEADER 00000cam a2200000 a 4500
001 UCG8427
003 CL-VaPUC
008 111212e19670000UK |||||||||||||||||eng|d
082 0 4 |a 428.24  |b ALE  |2 21 
100 0 |a Alexander, Louis George  |e author  |9 559470 
245 1 0 |a Fluency in English: an integrated course for advanced students 
250 |a 1a. ed 
300 |a 198 p 
942 |c BK 
945 |d 20111212 00:00:00  |a cmena 
260 |a Londres  |b Longman  |c 1967 
650 0 |a Lengua inglesa  |9 318842 
650 0 |a Libros de texto  |9 270019 
650 7 |a ESTUDIANTES EXTRANJEROS  |2 CL-VaPUC  |9 313952 
650 0 |a Educación lingüística  |9 306506 
583 |a last modification  |c 20190805 10:24:42  |k Rodrigo Vera 
490 0 |a New Concept English 
999 |c 346037  |d 346035 
952 |0 0  |1 0  |4 0  |6 428_240000000000000_ALE_1967  |7 0  |8 A  |9 446505  |a BIBEDU  |b BIBEDU  |d 2019-11-22  |i 4809483  |o 428.24 ALE 1967  |p 4809483  |r 2019-11-22  |w 2019-11-22  |y BK  |k LIT